Pictură Excomunicată
| Main Author: | |
|---|---|
| Format: | Book |
| Language: | English |
| PhysicalDescription: | [158] s. |
| Published: |
Bucureşti
Editura Meridiane
1975
|
MARC
| LEADER | 00000nam a2200000 a 4500 | ||
|---|---|---|---|
| 001 | vtls009186162 | ||
| 003 | SK-MaSNL | ||
| 005 | 20260301081506.0 | ||
| 008 | 240315 000 0 eng | ||
| 040 | |a SNK |b slo |c SNK |e AACR2 | ||
| 100 | 1 | |a Mehring, Valter |4 aut |9 404857 | |
| 245 | 1 | |a Pictură Excomunicată |c Valter Mehring | |
| 260 | |a Bucureşti |b Editura Meridiane |c 1975 | ||
| 300 | |a [158] s. | ||
| 999 | |c 656015 |d 657945 | ||
| 952 | |a SNK |b SNK |y VYP |7 0 |p 17A0579589 |o snkID 65980 |i snkV 1361/75 |8 2 |3 rekatalogizácia |0 0 |1 0 |4 0 |d 2008-02-25 |l 0 |r 2026-02-23 18:36:41 |w 2026-02-23 | ||


